000 00504nam a2200181Ia 4500
008 151121s9999||||xx |||||||||||||| ||und||
082 _a813/कवीश्व
082 _bHNW-35951
100 _aकवीश्वर छबुताई
245 _aमृगजळ
260 _c--
300 _a116
600 _aकवीश्वर छबुताई
630 _aमृगजळ
700 _aकवीश्वर छबुताई
730 _aमृगजळ
942 _cBOOK
999 _c1228172
_d1228169